| 000 | 01602nam2a22003491 4500 | ||
|---|---|---|---|
| 001 | v19\rc\2004545 | ||
| 005 | 20250620095730.0 | ||
| 035 | _a(NLR Aleph) 005270834 | ||
| 090 |
_a5997713 _c5997713 |
||
| 100 | _a20080811d1915 |||y0rusy50 ca | ||
| 101 | 0 | _arus | |
| 102 | _aRU | ||
| 105 | _aad g ||||| | ||
| 200 | 1 | _aРусский берег Балтийского моря с Финским и Рижским заливами | |
| 210 |
_d1915 _aБ. м. |
||
| 215 |
_a[4], IV, 519 с., 2 л. карт. _cил. |
||
| 320 | _aБиблиогр. в предисловии | ||
| 461 | 0 |
_1001v19\rc\2004544 _12001#$aЛоция Балтийского моря$vЧ. 2 _97183702 _cПетроград _d1915-1924 _fГлавное гидрографическое управление _nГлавное гидрографическое управление _tЛоция Балтийского моря _vЧ. 2 |
|
| 607 |
_aБалтийское море _xЛоция _91088397 _3RU\NLR\AUTH\66107573 |
||
| 607 |
_aФинский залив (Балтийское море) _xЛоция _91081713 _3RU\NLR\AUTH\66104059 |
||
| 607 |
_aРижский залив (Балтийское море) _xГидрология _91528798 _3RU\NLR\AUTH\66966950 |
||
| 620 |
_aRU _dСанкт-Петербург |
||
| 686 | 1 | _aО471.12,1(922.04) | |
| 801 | 0 |
_aRU _bNLR _c20080811 _gpsbo |
|
| 801 | 0 |
_aRU _bRuMoRGB _c20080811 _2psbo |
|
| 801 | 1 |
_aRU _bProSoft-M _c20080811 _2rusmarc |
|
| 801 | 2 |
_aRU _bNLR _c20081212 _2rusmarc |
|
| 852 |
_aNLR _j122/327 (2) |
||
| 852 |
_aNLR _jТ90 Б-5/2 (2) |
||
| 942 | _cBOOK | ||
| 980 | _aNB | ||